A primitív ember világa

Elmentve itt :
Bibliográfiai részletek
Szerző: Bibó István
Dokumentumtípus: Könyv
Megjelent: Szegedi Városi Nyomda Szeged 1927
Sorozat:Szegedi tudományos könyvtár 2
Kulcsszavak:Etnológia
Tárgyszavak:
Online Access:http://acta.bibl.u-szeged.hu/39014
LEADER 00659nam a2200193 i 4500
001 acta39014
005 20230309151028.0
008 161201s1927 hu o 0|| hun d
040 |a SZTE Egyetemi Kiadványok Repozitórium  |b hun 
041 |a hun 
100 1 |a Bibó István 
245 1 2 |a A primitív ember világa  |h [elektronikus dokumentum] /  |c  Bibó István 
260 |a Szegedi Városi Nyomda  |b Szeged  |c 1927 
300 |a 62 p.  |c 24 cm 
490 0 |a Szegedi tudományos könyvtár  |v 2 
650 4 |a Társadalomtudományok 
650 4 |a Szociológia 
695 |a Etnológia 
856 4 0 |u http://acta.bibl.u-szeged.hu/39014/1/szegedi_tud_konyvtar_002.pdf  |z Dokumentum-elérés